Ciència ficció : una mirada al futur : exposició / Guió i textos: Miquel Barceló una mirada al futur :

per Barceló i Roca, Miquel

Descripció física: 20 p. : il. col. ; 30 cm

MARC

LEADER 00000nam a2200000Ia 4500
001 19289
008 160829s2007 xx 000 0 cat d
080 |a FU-3-49 
100 |a Barceló i Roca, Miquel  |9 45640 
245 |a Ciència ficció :  |b  una mirada al futur :  |b  exposició / Guió i textos:  |b  Miquel Barceló 
260 |a Barcelona :  |b Diputació de Barcelona :  |b Caixa Sabadell. Obra Social,  |c 2007 
300 |a 20 p. :  |b  il. col. ;  |c 30 cm 
590 |a Bibliografia 
650 |a Ciència-ficció  |x Exposicions  |9 45641 
710 1 |a Barcelona (Catalunya : Província).  |b Diputació  |9 52408 
901 |a Arxiu 
942 |n 1 
952 |0 0  |1 0  |4 0  |6 FU349  |7 1  |9 52744  |a Arxiu  |b Arxiu  |d 2016-12-01  |l 0  |o FU-3-49  |p 19289  |r 2016-12-01 00:00:00  |w 2016-12-01  |y ARXIU 
999 |c 56593  |d 56593